2017 NFL Standings - Statistics

General Stats
  • This quiz has been taken 37 times
  • The average score is 21 of 32
Answer Stats
Rank (seed) Record NFL Team % Correct
AFC East Champ (1) 13-3 New England Patriots
95%
AFC North Champ (2) 13-3 Pittsburgh Steelers
95%
AFC West Champ (4) 10-6 Kansas City Chiefs
91%
AFC South Champ (3) 10-6 Jacksonville Jaguars
86%
AFC (7) Missed Playoffs 9-7 Baltimore Ravens
77%
AFC Wild Card (6) 9-7 Buffalo Bills
77%
NFC North Champ (2) 13-3 Minnesota Vikings
77%
NFC East Champ (1) 13-3 Philadelphia Eagles
77%
AFC (16) Missed Playoffs 0-16 Cleveland Browns
73%
AFC (9) Missed Playoffs 7-9 Cincinnati Bengals
68%
AFC (8) Missed Playoffs 9-7 Los Angeles Chargers
68%
NFC West Champ (3) 11-5 Los Angeles Rams
68%
NFC South Champ (4) 11-5 New Orleans Saints
68%
AFC Wild Card (5) 9-7 Tennessee Titans
68%
AFC (15) Missed Playoffs 4-12 Houston Texans
64%
AFC (10) Missed Playoffs 6-10 Oakland Raiders
64%
NFC Wild Card (6) 10-6 Atlanta Falcons
59%
NFC Wild Card (5) 11-5 Carolina Panthers
59%
AFC (12) Missed Playoffs 5-11 Denver Broncos
59%
AFC (11) Missed Playoffs 6-10 Miami Dolphins
59%
AFC (13) MIssed Playoffs 5-11 New York Jets
59%
NFC (7) Missed Playoffs 9-7 Detroit Lions
55%
NFC (11) Missed Playoffs 7-9 Green Bay Packers
55%
AFC (14) Missed Playoffs 4-12 Indianapolis Colts
55%
NFC (13) Missed Playoffs 6-10 San Francisco 49ers
55%
NFC (10) Missed Playoffs 8-8 Arizona Cardinals
50%
NFC (15) Missed Playoffs 5-11 Chicago Bears
50%
NFC (14) Missed Playoffs 5-11 Tampa Bay Buccaneers
50%
NFC (8) Missed Playoffs 9-7 Seattle Seahawks
45%
NFC (9) Missed Playoffs 9-7 Dallas Cowboys
41%
NFC (16) Missed Playoffs 3-13 New York Giants
41%
NFC (12) Missed Playoffs 7-9 Washington Redskins
41%
No matching quizzes found
Score Distribution
Percent of People with Each Score
Percentile by Number Answered
Your Score History
You have not taken this quiz